[Event "Chess24 Banter Blitz Cup"]
[Site "chess24.com INT"]
[Date "2020.02.06"]
[Round "3.8"]
[White "Henriquez Villagra, Cristobal"]
[Black "Donchenko, Alexander"]
[Result "0-1"]
[WhiteTitle "GM"]
[BlackTitle "GM"]
[WhiteElo "2594"]
[BlackElo "2631"]
[WhiteFideId "3409350"]
[BlackFideId "24603295"]
[EventDate "2019.09.25"]
[EventType "blitz"]

1. g3 c5 2. Bg2 Nc6 3. Nf3 g6 4. O-O Bg7 5. d3 d6 6. Nc3 Nf6 7. a3 O-O 8. Rb1
Bd7 9. b4 cxb4 10. axb4 Rc8 11. Bd2 d5 12. Na4 b6 13. b5 Nb8 14. Ne5 Be8 15. f4
Nfd7 16. Nf3 e6 17. Bb4 Nc5 18. Nxc5 bxc5 19. Be1 Nd7 20. Bf2 Nb6 21. Qd2 d4 22.
Qa5 Rc7 23. Ne5 Nd5 24. Nc4 Nc3 25. Rbe1 Bxb5 26. e3 Rd7 27. Ne5 Qxa5 0-1

[Event "Chess24 Banter Blitz Cup"]
[Site "chess24.com INT"]
[Date "2020.02.06"]
[Round "3.9"]
[White "Donchenko, Alexander"]
[Black "Henriquez Villagra, Cristobal"]
[Result "0-1"]
[WhiteTitle "GM"]
[BlackTitle "GM"]
[WhiteElo "2631"]
[BlackElo "2594"]
[WhiteFideId "24603295"]
[BlackFideId "3409350"]
[EventDate "2019.09.25"]
[EventType "blitz"]

1. Nf3 g6 2. d4 Bg7 3. g3 d6 4. Bg2 Nd7 5. c4 e5 6. Nc3 Ne7 7. O-O O-O 8. e4
exd4 9. Nxd4 Nb6 10. b3 Nc6 11. Be3 Re8 12. Qd2 Bd7 13. Rad1 a5 14. Nxc6 Bxc6
15. Bd4 Nd7 16. Bxg7 Kxg7 17. f4 Nc5 18. Qd4+ Kg8 19. Nd5 Bxd5 20. cxd5 b6 21.
Rd2 Qd7 22. h4 Qb5 23. Rc1 Re7 24. h5 Rae8 25. h6 f5 26. exf5 gxf5 27. Qf6 Rf7
28. Qd4 Qd7 29. Bf3 Qd8 30. Bh5 Rfe7 31. Bxe8 Qxe8 32. Qf6 Ne4 33. Qxf5 Nxd2 34.
Qg5+ Kf8 35. Qf6+ Qf7 36. Qh8+ Qg8 37. Qf6+ Ke8 38. Kg2 Qxg3+ 0-1

[Event "Chess24 Banter Blitz Cup"]
[Site "chess24.com INT"]
[Date "2020.02.06"]
[Round "3.10"]
[White "Henriquez Villagra, Cristobal"]
[Black "Donchenko, Alexander"]
[Result "0-1"]
[WhiteTitle "GM"]
[BlackTitle "GM"]
[WhiteElo "2594"]
[BlackElo "2631"]
[WhiteFideId "3409350"]
[BlackFideId "24603295"]
[EventDate "2019.09.25"]
[EventType "blitz"]

1. g3 c5 2. Bg2 Nc6 3. Nf3 g6 4. O-O Bg7 5. d3 e5 6. Nc3 Nge7 7. Rb1 d6 8. a3
O-O 9. b4 h6 10. Bd2 Rb8 11. b5 Nd4 12. Nxd4 cxd4 13. Na4 Be6 14. c3 dxc3 15.
Nxc3 Qd7 16. Qa4 b6 17. Rfc1 Rfc8 18. Rc2 d5 19. Rbc1 Rc5 20. Qb4 Rbc8 21. Qb1
Nf5 22. e3 d4 23. Ne4 Rxc2 24. Rxc2 Rxc2 25. Qxc2 dxe3 26. fxe3 Qxb5 27. Bf1 Qb3
28. Qc7 Qxa3 29. Qd8+ Qf8 30. Qc7 a5 31. g4 Nh4 32. Be2 Qc8 33. Qxb6 Bxg4 34.
Nd6 Qd7 35. Be1 Bxe2 36. Bxh4 Bxd3 0-1

[Event "Chess24 Banter Blitz Cup"]
[Site "chess24.com INT"]
[Date "2020.02.06"]
[Round "3.11"]
[White "Donchenko, Alexander"]
[Black "Henriquez Villagra, Cristobal"]
[Result "1-0"]
[WhiteTitle "GM"]
[BlackTitle "GM"]
[WhiteElo "2631"]
[BlackElo "2594"]
[WhiteFideId "24603295"]
[BlackFideId "3409350"]
[EventDate "2019.09.25"]
[EventType "blitz"]

1. d4 g6 2. c4 Bg7 3. Nc3 d6 4. e4 e5 5. Be3 exd4 6. Bxd4 Nf6 7. Be2 Nc6 8. Be3
O-O 9. h3 Re8 10. Qc2 a6 11. Nf3 Qe7 12. O-O Nxe4 13. Nd5 Qd8 14. Bd3 Nc5 15.
Bg5 f6 16. Be3 Nxd3 17. Qxd3 Ne5 18. Qe2 Be6 19. Nd4 Bf7 20. b3 f5 21. Qd2 c6
22. Bg5 Qc8 23. Nb6 Qc7 24. Nxa8 Rxa8 25. Rad1 Bf8 26. Rfe1 c5 27. Ne2 b5 28.
Nf4 bxc4 29. Nd5 Qb7 30. bxc4 Bxd5 31. cxd5 Rb8 32. Bh6 Qb4 33. Qg5 Nf7 34. Qf6
Nxh6 35. Qe6+ Nf7 36. Qd7 Qb7 37. Qa4 Qb5 38. Qh4 c4 39. Rb1 Qxb1 40. Rxb1 Rxb1+
41. Kh2 c3 42. Qc4 Rc1 43. Qc8 f4 44. h4 c2 45. h5 Ne5 46. hxg6 hxg6 47. Qe6+
Kg7 48. Qc8 Nf7 49. Qc7 f3 50. gxf3 Rf1 51. Qc3+ Ne5 52. Qxc2 Nxf3+ 53. Kg2 Ne1+
54. Kxf1 Nxc2 55. Ke2 Nb4 56. Ke3 Nxd5+ 57. Kd4 Nb6 58. Kd3 Nd7 59. Kd2 d5 60.
f4 Nc5 61. f5 Ne4+ 62. Kc1 Nd6 63. Kb1 Kf6 64. a4 gxf5 65. a5 f4 66. Kc2 1-0

[Event "Chess24 Banter Blitz Cup"]
[Site "chess24.com INT"]
[Date "2020.02.06"]
[Round "3.12"]
[White "Henriquez Villagra, Cristobal"]
[Black "Donchenko, Alexander"]
[Result "1-0"]
[WhiteTitle "GM"]
[BlackTitle "GM"]
[WhiteElo "2594"]
[BlackElo "2631"]
[WhiteFideId "3409350"]
[BlackFideId "24603295"]
[EventDate "2019.09.25"]
[EventType "blitz"]

1. Nf3 Nf6 2. g3 b5 3. Bg2 Bb7 4. O-O e6 5. d3 c5 6. a4 b4 7. Nbd2 d5 8. e4 Be7
9. exd5 Bxd5 10. Nc4 O-O 11. Bf4 Nc6 12. Ne3 Nd4 13. Nxd5 Nxd5 14. Nxd4 cxd4 15.
Bd2 Rc8 16. Re1 Bg5 17. f4 Bf6 18. Bxd5 Qxd5 19. Bxb4 Rfe8 20. Qd2 h5 21. Rac1
h4 22. Qg2 Qd7 23. b3 hxg3 24. hxg3 e5 25. Bd2 Qg4 26. Re4 exf4 27. Bxf4 Rxe4
28. Qxe4 g5 29. Bd2 Qxg3+ 30. Kf1 Be5 31. Qf5 Rc6 32. Qxg5+ Qxg5 33. Bxg5 Bd6
34. Ke2 Ba3 35. Ra1 Bb2 36. Rg1 Rxc2+ 37. Kd1 Rc3 38. Bc1+ Kf8 39. Bxb2 Rxb3 40.
Kc2 Rb4 41. Ba3 1-0

[Event "Chess24 Banter Blitz Cup"]
[Site "chess24.com INT"]
[Date "2020.02.06"]
[Round "3.13"]
[White "Donchenko, Alexander"]
[Black "Henriquez Villagra, Cristobal"]
[Result "1-0"]
[WhiteTitle "GM"]
[BlackTitle "GM"]
[WhiteElo "2631"]
[BlackElo "2594"]
[WhiteFideId "24603295"]
[BlackFideId "3409350"]
[EventDate "2019.09.25"]
[EventType "blitz"]

1. d4 g6 2. c4 Bg7 3. Nf3 d6 4. Nc3 Nc6 5. d5 Ne5 6. Nxe5 Bxe5 7. e4 Nf6 8. Bd3
O-O 9. O-O e6 10. h3 exd5 11. cxd5 Re8 12. Re1 Nd7 13. Be3 Nc5 14. Bc2 a5 15.
Bd4 Qh4 16. Qd2 Bd7 17. Bxe5 Rxe5 18. f4 Re7 19. Qf2 Qxf2+ 20. Kxf2 Rae8 21. g4
b5 22. Kf3 b4 23. Nb1 f5 24. Nd2 fxe4+ 25. Nxe4 Kg7 26. Re3 Bc8 27. Rae1 Nd7 28.
Ba4 Bb7 29. Bc6 Bxc6 30. dxc6 Nb6 31. Ng5 Rxe3+ 32. Rxe3 Rxe3+ 33. Kxe3 Kf6 34.
Nxh7+ Ke7 35. Kd4 Na4 36. b3 Nc3 37. a4 Ne2+ 38. Ke3 Nc1 39. Ng5 Nxb3 40. h4 Nc5
41. h5 gxh5 42. gxh5 Kf8 43. h6 Kg8 44. Kd2 b3 45. Kc3 Nxa4+ 46. Kxb3 Nc5+ 47.
Kc4 a4 48. Kb4 d5 49. Nf3 Nd3+ 50. Kxa4 Nxf4 51. Kb5 Kh7 52. Ka6 Kxh6 53. Kb7
Ne6 54. Kc8 Kg6 55. Kd7 Kf6 56. Nh2 d4 57. Ng4+ Kf5 58. Nf2 Nc5+ 59. Kxc7 Na6+
60. Kb6 Nb4 61. Kc5 Nd5 62. Kxd5 1-0

[Event "Chess24 Banter Blitz Cup"]
[Site "chess24.com INT"]
[Date "2020.02.15"]
[Round "3.1"]
[White "Gozzoli, Yannick"]
[Black "Robson, Ray"]
[Result "0-1"]
[WhiteTitle "GM"]
[BlackTitle "GM"]
[WhiteElo "2604"]
[BlackElo "2670"]
[WhiteFideId "616915"]
[BlackFideId "2023970"]
[EventDate "2019.09.25"]

1. d4 d5 2. c4 c6 3. Nc3 Nf6 4. Nf3 e6 5. Bg5 h6 6. Bxf6 Qxf6 7. e3 Nd7 8. Bd3
g6 9. O-O Bg7 10. e4 O-O 11. Re1 dxc4 12. Bxc4 e5 13. d5 Nb6 14. Bb3 Bd7 15. h3
Rfd8 16. Qe2 a5 17. a3 h5 18. Rad1 Bh6 19. dxc6 bxc6 20. Rd3 Be6 21. Bxe6 Qxe6
22. Red1 Rxd3 23. Rxd3 Nc4 24. Nd1 Rb8 25. Qc2 Kg7 26. Rc3 Rd8 27. Rxc4 Rxd1+
28. Qxd1 Qxc4 29. Nxe5 Qxe4 30. Nd3 Qc4 31. b3 Qc3 32. a4 h4 33. Kf1 Bg5 34. Ke2
c5 35. Qb1 Qd2+ 36. Kf1 Bf6 37. Ne1 Bd4 38. Nd3 Qc3 39. Ke2 c4 40. bxc4 Qxc4 41.
Qd1 Qe6+ 42. Kf1 Qa2 43. Qe2 Qb1+ 44. Ne1 Qb3 0-1

[Event "Chess24 Banter Blitz Cup"]
[Site "chess24.com INT"]
[Date "2020.02.15"]
[Round "3.2"]
[White "Robson, Ray"]
[Black "Gozzoli, Yannick"]
[Result "1/2-1/2"]
[WhiteTitle "GM"]
[BlackTitle "GM"]
[WhiteElo "2670"]
[BlackElo "2604"]
[WhiteFideId "2023970"]
[BlackFideId "616915"]
[EventDate "2019.09.25"]

1. e4 e5 2. Nf3 Nc6 3. Bb5 a6 4. Ba4 Nf6 5. O-O Be7 6. Re1 b5 7. Bb3 d6 8. c3
O-O 9. h3 Bb7 10. d4 Re8 11. Nbd2 Bf8 12. a3 h6 13. Bc2 Nb8 14. b3 Nbd7 15. Bb2
c6 16. a4 g6 17. Bd3 Nh5 18. Qc2 Rc8 19. Bf1 exd4 20. cxd4 d5 21. exd5 Rxe1 22.
Rxe1 cxd5 23. Qd1 b4 24. g3 Nhf6 25. Bd3 Bg7 26. Ne5 Nxe5 27. dxe5 Ne4 28. Nxe4
dxe4 29. Bc4 Qe7 30. Qg4 h5 31. Qf4 Rd8 32. Ba1 a5 33. e6 f5 34. Bxg7 Kxg7 35.
Qe5+ Kh6 36. h4 Rd6 37. Qf4+ Kg7 38. Qe5+ Kh7 39. Qc5 Qd8 40. Qe3 Rd1 41. Rxd1
Qxd1+ 42. Kh2 Qd6 43. Qg5 Qc5 44. Kg1 Qd4 45. Qe3 Qd1+ 46. Kg2 Qd6 47. Qg5 e3+
48. f3 Qd2+ 49. Kh3 Qf2 50. Qe7+ Kh6 51. Qf8+ Kh7 52. Qf7+ Kh6 53. Qf8+ Kh7 54.
Qf7+ Kh6 55. Qf8+ 1/2-1/2

[Event "Chess24 Banter Blitz Cup"]
[Site "chess24.com INT"]
[Date "2020.02.17"]
[Round "3.3"]
[White "Gozzoli, Yannick"]
[Black "Robson, Ray"]
[Result "1/2-1/2"]
[WhiteTitle "GM"]
[BlackTitle "GM"]
[WhiteElo "2604"]
[BlackElo "2670"]
[WhiteFideId "616915"]
[BlackFideId "2023970"]
[EventDate "2019.09.25"]

1. d4 d5 2. c4 c6 3. Nc3 Nf6 4. Nf3 e6 5. Bg5 h6 6. Bxf6 Qxf6 7. e3 Nd7 8. Bd3
g6 9. O-O Bg7 10. e4 O-O 11. Re1 dxc4 12. Bxc4 e5 13. d5 Nb6 14. Bb3 a5 15. a3
Rd8 16. h3 Bd7 17. Qe2 h5 18. Qe3 cxd5 19. exd5 Bf5 20. Nxe5 Qxe5 21. Qxe5 Bxe5
22. Rxe5 Kf8 23. Rd1 Nd7 24. Re3 Nc5 25. Bc4 Rd7 26. f3 Rad8 27. g4 hxg4 28.
hxg4 Bc2 29. Rde1 Bb3 30. Bb5 Rd6 31. Re8+ Rxe8 32. Rxe8+ Kg7 33. Rc8 b6 34. Rc6
Rd8 35. d6 Nb7 36. Rxb6 Nxd6 37. Be2 Bc4 38. Rxd6 Rxd6 39. Bxc4 Rd2 40. b3 Rc2
41. Ne4 a4 42. Bd5 axb3 43. Bxb3 Rb2 44. Bd5 Rb1+ 45. Kf2 Ra1 46. Ng5 f6 47.
Ne6+ Kh6 48. f4 Rxa3 49. g5+ fxg5 50. fxg5+ Kh5 51. Bf3+ Kh4 52. Be4 Ra5 53. Ke3
Rxg5 54. Nxg5 Kxg5 55. Bxg6 1/2-1/2

[Event "Chess24 Banter Blitz Cup"]
[Site "chess24.com INT"]
[Date "2020.02.15"]
[Round "3.4"]
[White "Robson, Ray"]
[Black "Gozzoli, Yannick"]
[Result "1/2-1/2"]
[WhiteTitle "GM"]
[BlackTitle "GM"]
[WhiteElo "2670"]
[BlackElo "2604"]
[WhiteFideId "2023970"]
[BlackFideId "616915"]
[EventDate "2019.09.25"]

1. e4 e5 2. Nf3 Nc6 3. Bb5 a6 4. Ba4 Nf6 5. O-O Be7 6. Re1 b5 7. Bb3 d6 8. c3
O-O 9. h3 Bb7 10. d4 Re8 11. Nbd2 Bf8 12. a3 h6 13. Bc2 Nb8 14. b3 Nbd7 15. Bb2
c6 16. a4 g6 17. Bd3 Nh5 18. Qc2 Rc8 19. Bf1 exd4 20. cxd4 d5 21. e5 Nf4 22. g3
Ne6 23. axb5 axb5 24. Qd1 b4 25. Nh4 Qb6 26. Ndf3 c5 27. dxc5 Ndxc5 28. Nd4 Ne4
29. Nhf3 Nc3 30. Qd2 Nc5 31. Qf4 N5e4 32. h4 Bc5 33. Rad1 Nxd1 34. Rxd1 Nc3 35.
Re1 Ne4 36. Rd1 Rcd8 37. Qxh6 Bf8 38. Qf4 Bc8 39. Bd3 Be6 40. Ng5 Bg7 41. Ndxe6
fxe6 42. Qf7+ Kh8 43. Bxe4 dxe4 44. Rxd8 Rxd8 45. Qxg6 Kg8 46. Qf7+ Kh8 47. Qh5+
Kg8 48. Qf7+ Kh8 49. Qh5+ Kg8 50. Qf7+ 1/2-1/2

[Event "Chess24 Banter Blitz Cup"]
[Site "chess24.com INT"]
[Date "2020.02.15"]
[Round "3.5"]
[White "Gozzoli, Yannick"]
[Black "Robson, Ray"]
[Result "0-1"]
[WhiteTitle "GM"]
[BlackTitle "GM"]
[WhiteElo "2604"]
[BlackElo "2670"]
[WhiteFideId "616915"]
[BlackFideId "2023970"]
[EventDate "2019.09.25"]

1. d4 d5 2. c4 c6 3. Nc3 Nf6 4. Nf3 e6 5. Bg5 h6 6. Bxf6 Qxf6 7. e3 g6 8. Be2
Bg7 9. O-O O-O 10. Ne5 Qd8 11. f4 b6 12. Rc1 Bb7 13. cxd5 exd5 14. Bg4 Na6 15.
Ne2 c5 16. f5 Qg5 17. Rf4 Rae8 18. h4 Qe7 19. fxg6 fxg6 20. Rxf8+ Rxf8 21. Nf4
Bxe5 22. Nxg6 Qf6 23. Nxe5 Qf2+ 24. Kh2 Qxh4+ 25. Bh3 Bc8 26. Qd3 Bxh3 27. Qg6+
Kh8 28. gxh3 Qf2+ 29. Kh1 Qxe3 30. Rc3 Qe1+ 0-1

[Event "Chess24 Banter Blitz Cup"]
[Site "chess24.com INT"]
[Date "2020.02.15"]
[Round "3.6"]
[White "Robson, Ray"]
[Black "Gozzoli, Yannick"]
[Result "0-1"]
[WhiteTitle "GM"]
[BlackTitle "GM"]
[WhiteElo "2670"]
[BlackElo "2604"]
[WhiteFideId "2023970"]
[BlackFideId "616915"]
[EventDate "2019.09.25"]

1. e4 e5 2. Nf3 Nc6 3. Bb5 a6 4. Ba4 Nf6 5. O-O Be7 6. Re1 b5 7. Bb3 d6 8. c3
O-O 9. h3 Bb7 10. d4 Re8 11. Nbd2 Bf8 12. a3 h6 13. Bc2 Nb8 14. b3 Nbd7 15. Bb2
c6 16. a4 g6 17. Bd3 Nh5 18. Qc2 Rc8 19. Bf1 exd4 20. cxd4 d5 21. e5 Nf4 22.
axb5 axb5 23. g3 Ne6 24. h4 Qb6 25. h5 g5 26. Qf5 Bg7 27. Bd3 b4 28. Nf1 Ndf8
29. Ne3 c5 30. Ng4 Nxd4 31. Nxd4 cxd4 32. Rad1 Rc3 33. Nf6+ Bxf6 34. exf6 Bc8
35. Qf3 Bg4 36. Qxg4 Rxe1+ 37. Rxe1 Rxd3 38. Qf5 Rc3 39. Re8 Qc6 40. Rd8 Qe6 41.
Qxe6 fxe6 42. Bxc3 dxc3 43. Rc8 d4 44. Kf1 d3 45. Ke1 Kf7 46. Rc4 Nd7 47. Rxb4
Ne5 48. Re4 Nf3+ 49. Kd1 Nd2 50. Re3 Nxb3 51. Rxd3 Nc5 52. Rxc3 Ne4 53. Re3
Nxf2+ 54. Ke2 Ng4 55. Rxe6 Nxf6 0-1

[Event "Chess24 Banter Blitz Cup"]
[Site "chess24.com INT"]
[Date "2020.02.15"]
[Round "3.7"]
[White "Gozzoli, Yannick"]
[Black "Robson, Ray"]
[Result "0-1"]
[WhiteTitle "GM"]
[BlackTitle "GM"]
[WhiteElo "2604"]
[BlackElo "2670"]
[WhiteFideId "616915"]
[BlackFideId "2023970"]
[EventDate "2019.09.25"]

1. d4 d5 2. c4 c6 3. Nc3 Nf6 4. Nf3 e6 5. Bg5 h6 6. Bxf6 Qxf6 7. e3 g6 8. Be2
Bg7 9. O-O O-O 10. Ne5 Qd8 11. f4 b6 12. Qc2 Bb7 13. cxd5 cxd5 14. Nb5 a6 15.
Nc7 Ra7 16. Nxe6 fxe6 17. Qxg6 Qf6 18. Qg4 Nc6 19. Rac1 Rc8 20. Bd3 Ne7 21. Qh3
Raa8 22. Nd7 Qf7 23. Nxb6 Rxc1 24. Rxc1 Rb8 25. Nd7 Rc8 26. Nc5 Nf5 27. b4 a5
28. a3 Ba8 29. Bxf5 Qxf5 30. Qxf5 exf5 31. b5 Kf7 32. a4 Ke7 33. Rb1 Bf8 34. Kf2
Kd6 35. Kf3 Be7 36. h3 Bd8 37. g4 Bb6 38. Nd3 Rf8 39. Rc1 Bb7 40. Ne5 Ke7 41.
Ng6+ Kf7 42. Nxf8 Kxf8 43. gxf5 Kf7 44. Kg4 Kf6 45. Kh5 Kxf5 46. Kxh6 Ke4 47.
Kg5 Bd8+ 48. Kg6 Be7 49. f5 Ba3 50. f6 Bxc1 51. f7 Ba3 52. Kg7 Bc8 53. h4 Kxe3
54. h5 Bb2 55. h6 Bxd4+ 56. Kg8 Be6 57. h7 Bxf7+ 58. Kxf7 Be5 59. b6 Kd4 60. b7
Bd6 61. b8=Q Kc5 62. h8=Q d4 0-1

[Event "Chess24 Banter Blitz Cup"]
[Site "chess24.com INT"]
[Date "2020.02.15"]
[Round "3.8"]
[White "Robson, Ray"]
[Black "Gozzoli, Yannick"]
[Result "1-0"]
[WhiteTitle "GM"]
[BlackTitle "GM"]
[WhiteElo "2670"]
[BlackElo "2604"]
[WhiteFideId "2023970"]
[BlackFideId "616915"]
[EventDate "2019.09.25"]

1. e4 e5 2. Nf3 Nc6 3. Bb5 a6 4. Ba4 Nf6 5. O-O Be7 6. Re1 b5 7. Bb3 d6 8. c3
O-O 9. h3 Bb7 10. d4 Re8 11. Nbd2 Bf8 12. a3 h6 13. Bc2 Nb8 14. b4 Nbd7 15. Bb2
c6 16. Bd3 a5 17. Nb3 axb4 18. cxb4 exd4 19. Nfxd4 c5 20. Nxb5 Nxe4 21. Na5 Rxa5
22. bxa5 Ndf6 23. Bxf6 Qxf6 24. Qc2 d5 25. Nc7 Re7 26. a6 Rxc7 27. axb7 Rxb7 28.
Bxe4 Rb2 29. Bh7+ Kh8 30. Qf5 1-0

[Event "Chess24 Banter Blitz Cup"]
[Site "chess24.com INT"]
[Date "2020.02.15"]
[Round "3.9"]
[White "Gozzoli, Yannick"]
[Black "Robson, Ray"]
[Result "0-1"]
[WhiteTitle "GM"]
[BlackTitle "GM"]
[WhiteElo "2604"]
[BlackElo "2670"]
[WhiteFideId "616915"]
[BlackFideId "2023970"]
[EventDate "2019.09.25"]

1. d4 d5 2. c4 c6 3. Nc3 Nf6 4. Nf3 e6 5. Bg5 h6 6. Bh4 dxc4 7. e4 g5 8. Bg3 b5
9. Be2 Bb7 10. O-O Nbd7 11. a4 a6 12. e5 Nd5 13. Nxd5 cxd5 14. Ne1 Qb6 15. Bh5
Rh7 16. Kh1 O-O-O 17. f4 gxf4 18. Rxf4 f5 19. exf6 Bd6 20. Rf2 e5 21. axb5 axb5
22. Nf3 Nxf6 23. Nxe5 Ne4 24. Rf3 Kb8 25. Bf4 Re7 26. Nf7 Rxf7 27. Bxf7 Rf8 28.
Bxd6+ Qxd6 29. Qe2 Ng5 30. Rff1 Ne4 31. Bh5 Rd8 32. Bf3 Qb6 33. Rad1 Nd6 34. Qe5
Qc7 35. Bxd5 Re8 36. Qh5 b4 37. Bxb7 Kxb7 38. Rde1 Rxe1 39. Rxe1 c3 40. Qd5+ Qc6
41. Re7+ Kb6 42. Qxc6+ Kxc6 43. bxc3 b3 44. Re2 Nc4 45. g4 b2 46. Rxb2 Nxb2 47.
h4 Nd3 48. g5 h5 49. g6 Nf2+ 50. Kg2 Ng4 51. Kg3 Nf6 52. Kf4 Kd5 53. Kg5 Ke6 0-1

[Event "Chess24 Banter Blitz Cup"]
[Site "chess24.com INT"]
[Date "2020.02.15"]
[Round "3.10"]
[White "Robson, Ray"]
[Black "Gozzoli, Yannick"]
[Result "1-0"]
[WhiteTitle "GM"]
[BlackTitle "GM"]
[WhiteElo "2670"]
[BlackElo "2604"]
[WhiteFideId "2023970"]
[BlackFideId "616915"]
[EventDate "2019.09.25"]

1. e4 e5 2. Nf3 Nc6 3. Bb5 a6 4. Ba4 Nf6 5. O-O Be7 6. Re1 b5 7. Bb3 d6 8. c3
O-O 9. h3 Bb7 10. d4 Re8 11. Nbd2 Bf8 12. a3 h6 13. Bc2 Nb8 14. b4 Nbd7 15. Bb2
a5 16. Bd3 c6 17. Nb3 axb4 18. cxb4 exd4 19. Nfxd4 c5 20. Nxb5 Bxe4 21. Bxe4
Rxe4 22. Qf3 Rxe1+ 23. Rxe1 cxb4 24. axb4 d5 25. Bc3 Ne4 26. Rd1 Nb6 27. N5d4
Qd7 28. Be1 Rc8 29. Qd3 Nc4 30. Nf3 Nf6 31. Bc3 Qe6 32. Bxf6 Qxf6 33. Qxd5 Bxb4
34. Rc1 Qe6 35. Qxe6 fxe6 36. Nbd4 e5 37. Nxe5 Nd6 38. Rxc8+ Nxc8 39. Nd3 Bc3
40. Ne2 Bf6 41. g4 Nd6 42. Kg2 g6 43. f4 Kf7 44. Kf3 Nc4 45. Ng3 Nd2+ 46. Ke2
Nc4 47. Ne4 Bd4 48. Kf3 Ke7 49. Nb4 Ke6 50. Nc2 Bb6 51. Ne1 Kd5 52. Nd3 Kd4 53.
Nb4 Bc7 54. Nc6+ Kd5 55. Ne7+ Ke6 56. Nxg6 Kf7 57. f5 Kg7 58. h4 Ne5+ 59. Nxe5
Bxe5 60. g5 hxg5 61. hxg5 Bd4 62. Kg4 Bc3 63. Ng3 Bd4 64. Nh5+ Kf7 65. g6+ Kg8
66. f6 Bxf6 67. Nxf6+ Kg7 68. Kg5 Kf8 69. Nh5 Kg8 70. Kh6 Kf8 71. g7+ Kg8 72.
Nf6+ Kf7 73. g8=Q+ Kxf6 74. Qg6+ 1-0

[Event "Chess24 Banter Blitz Cup"]
[Site "chess24.com INT"]
[Date "2020.02.15"]
[Round "3.11"]
[White "Gozzoli, Yannick"]
[Black "Robson, Ray"]
[Result "1/2-1/2"]
[WhiteTitle "GM"]
[BlackTitle "GM"]
[WhiteElo "2604"]
[BlackElo "2670"]
[WhiteFideId "616915"]
[BlackFideId "2023970"]
[EventDate "2019.09.25"]

1. d4 d5 2. c4 c6 3. Nc3 Nf6 4. Nf3 e6 5. Bg5 h6 6. Bh4 dxc4 7. e4 g5 8. Bg3 b5
9. Be2 Bb7 10. O-O Nbd7 11. e5 Nd5 12. a4 a6 13. Nxd5 cxd5 14. Ne1 Qb6 15. Bh5
Rh7 16. axb5 axb5 17. Rxa8+ Bxa8 18. Kh1 Nb8 19. f4 gxf4 20. Rxf4 Nc6 21. Bh4
Be7 22. Qg4 Bxh4 23. Qxh4 Qa5 24. h3 Qd2 25. Nf3 Qxb2 26. Qg4 Nd8 27. Qg8+ Ke7
28. Kh2 Qc1 29. Rf6 c3 30. Qxh7 c2 31. Rxf7+ Nxf7 32. Qxf7+ Kd8 33. Qf8+ Kc7 34.
Qd6+ Kb7 35. Qd7+ Kb6 36. Qd8+ Kb7 37. Bg6 Qf4+ 38. g3 Qxf3 39. Qd7+ Kb6 40.
Qd8+ Kb7 41. Qd7+ Kb6 42. Qd8+ Kb7 1/2-1/2

[Event "Chess24 Banter Blitz Cup"]
[Site "chess24.com INT"]
[Date "2020.02.15"]
[Round "3.12"]
[White "Robson, Ray"]
[Black "Gozzoli, Yannick"]
[Result "0-1"]
[WhiteTitle "GM"]
[BlackTitle "GM"]
[WhiteElo "2670"]
[BlackElo "2604"]
[WhiteFideId "2023970"]
[BlackFideId "616915"]
[EventDate "2019.09.25"]

1. e4 Nf6 2. e5 Nd5 3. d4 d6 4. Nf3 g6 5. Be2 Bg7 6. O-O O-O 7. exd6 cxd6 8. h3
Nc6 9. c4 Nb6 10. Nc3 Bf5 11. Be3 d5 12. c5 Nc4 13. Bxc4 dxc4 14. Qa4 e5 15.
Qxc4 exd4 16. Rad1 Be6 17. Qa4 Bd7 18. Bg5 f6 19. Nxd4 fxg5 20. Qb3+ Kh8 21.
Nxc6 bxc6 22. Qb7 Rf7 23. Ne4 Qc8 24. Qxc8+ Bxc8 25. Nxg5 Rf8 26. b4 a5 27. a3
axb4 28. axb4 Rb8 29. Rfe1 Rxb4 30. Re7 Bf6 31. Rxh7+ Kg8 32. Rh6 Kg7 33. Rh7+
Kg8 34. Rh6 Bf5 35. h4 Re8 36. g3 Rg4 37. Rd6 Bxg5 38. hxg5 Rxg5 39. Rh4 Re6 40.
Rhd4 Rg4 41. Rd8+ Kf7 42. R4d7+ Re7 43. Rd6 Rc4 44. Kg2 Rxc5 45. Rh8 Kg7 46.
Rdd8 Be4+ 47. f3 Bd5 48. Rh4 Rc2+ 49. Kh3 Bxf3 50. Rdh8 Bd5 51. R4h7+ Kf6 52.
Rf8+ Ke6 53. Rxe7+ Kxe7 0-1

[Event "Chess24 Banter Blitz Cup"]
[Site "chess24.com INT"]
[Date "2020.02.15"]
[Round "3.13"]
[White "Gozzoli, Yannick"]
[Black "Robson, Ray"]
[Result "0-1"]
[WhiteTitle "GM"]
[BlackTitle "GM"]
[WhiteElo "2604"]
[BlackElo "2670"]
[WhiteFideId "616915"]
[BlackFideId "2023970"]
[EventDate "2019.09.25"]

1. d4 d5 2. c4 c6 3. Nc3 Nf6 4. Nf3 e6 5. Bg5 h6 6. Bh4 dxc4 7. e4 b5 8. e5 g5
9. Nxg5 hxg5 10. Bxg5 Nbd7 11. exf6 Bb7 12. g3 c5 13. d5 Qb6 14. Bg2 O-O-O 15.
O-O b4 16. Rb1 Qa6 17. dxe6 Bxg2 18. e7 Bxf1 19. Qd5 Bd3 20. Qa8+ Nb8 21.
exd8=Q+ Kxd8 22. Qxb8+ Qc8 23. Qxa7 bxc3 24. Re1 cxb2 25. Qxf7 b1=Q 26. Qe8+ Kc7
27. Bf4+ Bd6 28. Qe7+ Qd7 29. Bxd6+ Kc6 30. Rxb1 Bxb1 31. Qg7 Rd8 32. Be5 Qd1+
33. Kg2 Be4+ 0-1

[Event "Chess24 Banter Blitz Cup"]
[Site "chess24.com INT"]
[Date "2020.02.17"]
[Round "3.1"]
[White "Cori, Jorge"]
[Black "Sjugirov, Sanan"]
[Result "0-1"]
[WhiteTitle "GM"]
[BlackTitle "GM"]
[WhiteElo "2671"]
[BlackElo "2662"]
[WhiteFideId "3802272"]
[BlackFideId "4189302"]
[EventDate "2019.09.25"]
[EventType "blitz"]

1. d4 Nf6 2. Nf3 d5 3. c3 Bf5 4. Bg5 e6 5. Nbd2 Be7 6. e3 Nbd7 7. Be2 O-O 8. O-O
c5 9. h3 h6 10. Bf4 Rc8 11. Bh2 a6 12. Ne5 Nxe5 13. Bxe5 Bd6 14. Bxd6 Qxd6 15.
Re1 Bh7 16. Bf1 Rfe8 17. g3 e5 18. dxe5 Qxe5 19. Bg2 Rcd8 20. Qa4 Qe6 21. Rad1
Bf5 22. g4 Bg6 23. Qf4 b5 24. Nf1 Be4 25. f3 Bh7 26. Qc7 Rc8 27. Qg3 Qb6 28. Qf2
b4 29. cxb4 Qxb4 30. Rd2 Re7 31. Rc1 Rce8 32. b3 a5 33. h4 Re5 34. Rcd1 a4 35.
bxa4 Qxa4 36. Qg3 Bg6 37. Qf4 Qa3 38. g5 hxg5 39. hxg5 Nh5 40. Qh4 c4 41. Rxd5
Rxd5 42. Rxd5 c3 43. f4 c2 44. f5 c1=Q 45. fxg6 fxg6 46. Rd2 Qxe3+ 47. Rf2 Qxg5
48. Qd4 Qcc5 49. Qxc5 Qxc5 50. Bh3 Rf8 51. Be6+ Kh7 0-1